| 000 | 00833cab a22002175a 4500 | ||
|---|---|---|---|
| 001 | L159848 | ||
| 008 | 150113e2017 xxk 000 0 eng d | ||
| 035 | _a(Sirsi) u159848 | ||
| 041 | 0 | _aeng | |
| 100 | 1 | _aCarey, Peter | |
| 245 | 0 | 0 |
_aEncore for the Old ViC _h[electronic resource] |
| 260 |
_aLondon _bRICS _c2017 |
||
| 490 |
_aRICS Building Surveying Journal _vOctober - November 2017, 32-33(2) |
||
| 520 | _aPresents the second of his articles on the Bristol Old Vic restoration project. | ||
| 650 | 2 | 4 | _aTHEATRE |
| 650 | 2 | 4 | _aCONSERVATION MANAGEMENT |
| 651 | 4 |
_aUnited Kingdom _y |
|
| 690 | _aBUILT ENVIRONMENT-BUILDING MAINTENANCE AND REFURBISHMENT-BUILDING CONSERVATION | ||
| 856 | 4 | 0 |
_uhttps://issuu.com/ricsmodus/docs/building_surveying_journal_october__45ef6cafff2b21 _yAvailable free online via Issuu |
| 942 |
_n0 _2ddc |
||
| 999 |
_c85013 _d85013 |
||